| 000 | 01088nam a2200289 c 4500 | ||
|---|---|---|---|
| 999 |
_c184083 _d184083 |
||
| 003 | BLK | ||
| 005 | 20230412150831.0 | ||
| 008 | 180411b bul|||||r ||||||| ||bul|| | ||
| 010 | _aKNG00193035000 | ||
| 040 | _aBLK | ||
| 041 |
_aBUL _cBUL |
||
| 080 |
_aНемска литература _b821.112.2 _x-31 _z821.112.2-31 |
||
| 100 | 1 |
_aДьоблин, Алфред _eпърви автор _966054 |
|
| 139 |
_aДьоблин, Алфред _bД 96 |
||
| 245 | 1 | 0 |
_aХамлет или Краят на дългата нощ _bРоман _cАлфред Дьоблин; прев. от нем. Яна Кожухарова. |
| 257 | _aDEU | ||
| 260 |
_aСофия _bНар. култура _c1985 |
||
| 300 |
_a528 с. _c20 см |
||
| 380 | _aX | ||
| 500 | _aОриг. загл. Hamlet oder die lange Nacht nimmt ein Ende / Alfred Deblin. - 15 125 тир. | ||
| 700 | 1 |
_aКожухарова, Яна _eпрев. от нем. _9365315 |
|
| 852 | _aЦб 139400 | ||
| 856 | 4 |
_qpdf _i0.00 _ldisable |
|
| 856 | 4 |
_qpdf _i0.00 _ldisable |
|
| 942 |
_cKNG _n0 _01 _s1 |
||
| 944 |
_aCR _c14.10.2016 _kКети_Илиева |
||
| 944 |
_aED _c14.10.2016 _kКети_Илиева |
||
| 999 | _d184083 | ||